[Event "New York op"]
[Site "New York"]
[Date "1998.03.17"]
[Round "3"]
[White "Agrest, Evgenij"]
[Black "Akopian, Vladimir Eduardovic"]
[Result "0-1"]
[WhiteElo "2525"]
[BlackElo "2660"]
[Annotator "Ribli,Z"]
[PlyCount "108"]
[EventDate "1998.03.16"]
[EventType "swiss"]
[EventRounds "9"]
[EventCountry "USA"]
[SourceTitle "CBM 064"]
[Source "ChessBase"]
[SourceDate "1998.06.02"]
[SourceVersion "1"]
[SourceVersionDate "1998.06.02"]
[SourceQuality "1"]

1. c4 Nf6 2. Nc3 e5 3. Nf3 Nc6 4. e3 (4. g3) (4. a3) (4. d4) 4... Bb4 {Das ist
eine ambitionoerte Fortsetzung, aber auch 4...Be7 ist gut. Ribli.} 5. Qc2 O-O (
5... Bxc3 {Schwarz tauscht von selbst und vemeidet auf diese Weise den Zug 6.
Nd5.} 6. Qxc3 Qe7 $11 {Weiß besitzt das Läuferpaar, aber Schwarz hat eine
feste Stellung und nach eventuellem ...d7-d5 muß die weiße Dame ein weiteres
Tempo verlieren.}) 6. Nd5 {[%csl Gd5]} Re8 7. Qf5 {Gewönlich sind diese frühen
Damenzüge nicht gut, aber jetzt droht Weiß 8.Ng5 zu spielen.} d6 8. Nxf6+ Qxf6
(8... gxf6 9. Qh5 e4 (9... d5 10. a3 Bf8 11. Bd3 $6 (11. d4 $5 Be6 12. Bd3 e4
13. Bc2 Ne7 $13 {Goodman,D-Nunn,J/England/INF25,23/}) 11... e4 12. cxd5 exd3
13. dxc6 bxc6 14. b4 a5 15. Bb2 axb4 16. Qh4 Bf5 17. axb4 Rxa1+ 18. Bxa1 Re4
19. Qxf6 Qxf6 20. Bxf6 Bxb4 {(Ribli) 0-1 Horvath,G-Sadler,M/EUCup Gr6 1993 (34)
}) 10. a3 (10. Nh4 Re5 11. Qh6 d5 12. a3 Bf8 13. Qf4 Rh5 14. cxd5 f5 15. Qg3+
Rg5 16. Qh3 f4 17. exf4 Bxh3 18. fxg5 Nd4 {0-1 Linqvist,G-Pyhala,A/Jyvaskyla
op 1994}) 10... Bc5 $1 11. b4 (11. d4 Bb6 12. Nh4 a5 13. b3 Ne7 14. Be2 c6 15.
O-O d5 16. c5 Bc7 17. Bd2 Be6 18. f4 f5 {Linqvist,G-Rausis,I/Jyvaskyla op2
1996/0-1 (109)}) 11... Bb6 12. Nh4 a5 13. b5 Ne5 14. f4 Ng6 15. Bb2 c6 16. bxc6
bxc6 17. Rc1 Rb8 18. Ba1 Bc5 19. g4 Bxa3 20. Rd1 f5 21. Nxf5 Bxf5 22. gxf5 Qh4+
23. Qxh4 Nxh4 24. Rg1+ Kf8 25. Rg7 Bb2 26. Bxb2 Nf3+ 27. Ke2 Rxb2 {Logothetis,
S-Skembris,S/Ano Liosia Open, Athens GRE 1997/1/2-1/2 (69)}) 9. Qxf6 gxf6 10.
a3 {[%csl Rb4] Der schwarze Läufer b4 hat Probleme. Weiß kann seinen
Damenflügel mit Tempogewinn aktivieren.} Bc5 11. b4 (11. b3 Be6 12. Bb2 a5 13.
O-O-O d5 14. d4 exd4 15. exd4 Bf8 16. Bd3 Ne7 17. c5 Ng6 18. Rde1 Nf4 19. Bc2
Kh8 20. Nh4 Bh6 21. Kb1 Bg5 22. Bc1 Bxh4 23. Bxf4 Bxf2 24. Rd1 Bg4 25. Rd2 Be3
26. Bxe3 Rxe3 27. Rf1 Kg7 $17 {Lukin,A-Akopian,V/URS-chT 1990/0-1 (60)}) 11...
Bb6 {Schwarz hat Doppelbauern in der f-Linie, kann aber mit späterem ...f6-f5
eine aktive Stellung am Königsflügel errichten.} 12. Bb2 a5 13. b5 Ne7 (13...
Nd8 {[%cal Gd8e6]}) 14. d4 (14. a4 Bc5 15. Be2 c6 16. O-O Bb4 $11) (14. Be2 a4
15. O-O-O c6 $11) 14... a4 $1 $13 {Nach diesem Zug gewinnt Schwarz Raum am
Damenflügel und kann mit ...Ba5 seinen Läufer ins Spiel bringen. Sonst kann
sich Weiß ungehindert am Damenflügel entfalten.} (14... Bg4 $6 15. c5 $1 Ba7
16. b6 $1 Bxf3 17. gxf3 Bb8 18. Rg1+ Kf8 19. Rd1 $1 $16 {1-0 Miles,A-Rodriguez,
A/Yopal 1997 (24)}) 15. O-O-O Ng6 {Schwarz verstärkt seine Zentrumsstellung.}
16. Nd2 {Weiß möchte 17.Bd3 spielen und verhindert die Gabel 17...e4.} (16. h4
h5 $13) 16... exd4 17. Bxd4 (17. exd4 Bf5 {[%csl Gf5] Die strukturelle
Schwäche f7/f6 ist ohne Bedeutung. Schwarz hat aktives Figurenspiel.} 18. f3
Nf4 {[%csl Rc1,Gf4,Gf5]}) 17... Bxd4 18. exd4 c6 $1 $132 {Mit diesem Zug
öffnet Schwarz die b-Linie, was sich für den weißen König als unangenehm
erweist.} (18... Bf5 19. Kb2 $14 {[%cal Gb2c3] Weiß möchte mit 20.Kc3 seine
Königsstellung verbessern.}) 19. bxc6 bxc6 {[%csl Rc1][%cal Ga8b8,Gb8b1]} 20.
g3 (20. Bd3 Nf4 {[%csl Gf4]}) 20... d5 21. Bg2 (21. cxd5 cxd5 $11 {[%csl Rc1]})
(21. c5 Bf5 {[%csl Gf5][%cal Gf5b1]} 22. Bg2 Re2 (22... Nf8 {[%cal Gf8e6,Ge6d4]
})) 21... Bf5 22. Rhe1 Reb8 23. Re3 (23. cxd5 cxd5 24. Bxd5 Ra7 $44 {[%csl Rc1]
} (24... Rc8+ 25. Kb2 Rab8+ 26. Ka1 Rc3 27. Re3)) 23... Be6 24. f4 Ne7 {
[%cal Re7f5,Rf5d4,Rf5e3]} 25. g4 {Weiß muß die Drohung 25...Nf5 verhindert.} f5
$8 (25... Bxg4 26. Rxe7 (26. Rg3 h5 27. h3 Nf5 $17) 26... Bxd1 27. Kxd1 $16)
26. Bh3 (26. g5 dxc4 $15) 26... Kf8 (26... dxc4 27. gxf5 Nxf5 28. Bxf5 Bxf5 29.
Nxc4 Rb1+ 30. Kd2 $11) 27. Rg1 (27. gxf5 Bxf5 (27... Nxf5 28. Bxf5 Bxf5 29. Re5
$11 {[%csl Ge5]}) 28. Bxf5 Nxf5 $15 {[%csl Gf5][%cal Rf5e3,Rf5d4]}) 27... fxg4
28. Bxg4 Bxg4 29. Rxg4 Nf5 $15 {[%csl Gf5] Der Springer hat einen
ausgezeichneten Vorposten auf f5. Der weiße König steht entblößt.} 30. Rh3 (30.
Rd3 Ke7 $15 {[%cal Ge7f6]}) 30... Re8 31. Nf3 (31. Rxh7 Re1+ 32. Kb2 Rb8+ 33.
Kc3 Ke7 $15 {Schwarz hat einen Bauern weniger, aber seine Figuren stehen aktiv
und der weiße König findet keine Ruhe. Ich glaube, daß Schwarz mehr als
ausreichende Kompensation hat.}) 31... Re3 {[%csl Ge3]} 32. Rxh7 {[%cal Rh7h8,
Rh8a8]} Rxf3 $1 {Schwarz opfert eine Qualität für aktives Spiel.} (32... Ke7
33. Ne5 $14) 33. Rh8+ Ke7 34. Rxa8 Rc3+ 35. Kb2 Rxc4 $44 {[%csl Rb2,Gc4,Rd4,
Gf5] Die schwarzen Figuren im Verbund sorgen für ausreichende Kompensation.}
36. Ra7+ Kf6 37. Rg8 $6 (37. h4 $5 Rxd4 38. Ra6 Rc4 39. h5 $13) 37... Rxd4 {
[%csl Rf4]} 38. Rd8 $6 (38. Rc7 Rc4 39. Rgc8 Nd4 $44) (38. Rc8) 38... Rxf4 39.
Rdd7 {Gewönlich erweist sich die Turmverdoppelung auf der 7.Reihe als effektiv,
aber der Nf5 verteidigt alles.} Ke6 $15 40. Rdc7 (40. Rxf7 Rf2+ $15 {[%cal
Rf2b2,Rf2h2]}) 40... Nd4 41. Re7+ Kd6 42. Rxf7 Re4 {[%csl Gd4,Ge4] Schwarz hat
nur einen Bauern für die Qualität, aber eine ausgezeichnete
Figurenkoordination.} 43. Rf2 Ne6 44. Rh7 c5 45. Rf5 c4 46. Ra7 Nc5 $17 {
[%csl Rb2,Gc5,Ge4] Leider haben die weißen Türme keine Angriffspunkte, während
die schwarzen Figuren eine gefährliche Initiative am Damenflügel entfalten.}
47. Rh5 Re2+ 48. Kb1 Rd2 {[%csl Rb1,Gd2]} 49. Ra8 c3 50. Rh6+ Ke5 {[%csl Gc3,
Gc5,Gd2,Gd5,Ge5] Schwarz mobilisiert alle Kräfte.} 51. Re8+ Kf5 (51... Kd4 52.
Rh4+ Ne4 $17) 52. Rf8+ Kg5 $19 53. Rh3 Rb2+ {Der weiße König befindet sich im
Mattnetz.} 54. Kc1 (54. Ka1 Nb3#) 54... Nb3+ {und Weiß gab in verlorener
Stellung auf. Ribli.} (54... Nb3+ 55. Kd1 c2+ $19) 0-1

[Event "Altensteig"]
[Site "Altensteig"]
[Date "1994.??.??"]
[Round "6"]
[White "Bezold, Michael"]
[Black "Almasi, Zoltan"]
[Result "1/2-1/2"]
[WhiteElo "2475"]
[BlackElo "2620"]
[Annotator "Ribli,Z"]
[PlyCount "168"]
[EventDate "1994.08.??"]
[EventType "tourn"]
[EventRounds "11"]
[EventCountry "GER"]
[EventCategory "12"]
[SourceTitle "CBM 043"]
[Source "ChessBase"]
[SourceDate "1994.12.01"]
[SourceVersion "1"]
[SourceVersionDate "1994.12.01"]
[SourceQuality "1"]

1. c4 e5 2. Nc3 Nf6 3. Nf3 Nc6 4. a3 g6 5. g3 Bg7 6. Bg2 O-O 7. O-O Re8 (7...
d6 $5 8. d3 Nd4 $5 $10 {Morovic Fernandez,I-Karpov,An/Dos Hermanas/1994/CBM42/
INF60,28/}) 8. e4 (8. d3 h6 9. Nd2 (9. e4 $5) 9... Nh7 10. Rb1 d6 $13 {
Vaganian,R-Bareev,E/Groningen PCA/1993/CBM39/INF59,34/}) 8... d6 9. d3 Bg4 10.
h3 Bxf3 11. Bxf3 Nd4 12. Bg2 c6 13. Ne2 Nxe2+ 14. Qxe2 a5 15. Be3 a4 16. Rad1
Qe7 (16... Nd7 $5 17. d4 exd4 18. Bxd4 Qe7 19. Bxg7 Kxg7 20. Qd2 Nc5 21. Qxd6
Qxd6 22. Rxd6 Nxe4 23. Bxe4 Rxe4 24. Rd7 Rxc4 25. Rxb7 Re8 $10) (16... Qc7 $5
17. Qc2 Nd7 $10) 17. Qc2 c5 18. Rb1 Nd7 19. h4 Nb8 20. b4 $1 axb3 21. Rxb3 $14
Nc6 22. Rfb1 Ra7 23. Qb2 Rb8 (23... Rea8 $2 24. Rxb7 Rxb7 25. Qxb7 Qxb7 26.
Rxb7 Rxa3 27. Rc7 $18) 24. Rb6 Nd8 (24... Nd4 25. Bxd4 $14) 25. Qb5 Ne6 (25...
Rxa3 $2 26. Rxd6 $1 Qxd6 27. Bxc5 $18) 26. a4 Bf8 27. Bh3 Nc7 28. Qd7 (28. Qb3
Na6 29. a5 $14) 28... Ne6 29. Bxe6 (29. Qxe7 Bxe7 30. a5 Rxa5 31. Rxb7 Rxb7 32.
Rxb7 $14) 29... Qxe6 30. Qxe6 fxe6 31. Kf1 Rxa4 32. Rxb7 Rxb7 33. Rxb7 Ra3 34.
Ke2 Ra2+ 35. Kd1 h6 36. Kc1 Ra1+ 37. Kb2 Rd1 38. Rb3 Kf7 39. Ra3 Rf1 40. Ra7+
Be7 41. Kc3 Ke8 42. Kd2 (42. Bxh6 Rxf2 $10) 42... h5 43. Ke2 Rb1 44. Bg5 Bf8 (
44... Bxg5 $2 45. hxg5 Kf8 46. Rd7 Rb6 47. Ke3 Ra6 48. f4 exf4+ 49. gxf4 Rb6
50. f5 gxf5 51. exf5 exf5 52. Kf4 $16) 45. Rc7 Rb2+ 46. Ke3 Rb3 47. f3 Rb2 48.
g4 hxg4 49. fxg4 Rh2 50. Bf6 Rh3+ 51. Kd2 Rh2+ 52. Kd1 Rh1+ 53. Kc2 Rh2+ 54.
Kd1 Rh1+ 55. Kc2 Rh2+ 56. Kc3 Rg2 57. g5 Rg4 58. Rh7 Rg2 59. Kb3 Rd2 60. Kc3
Rg2 61. Kb3 Rd2 62. h5 gxh5 63. Kc3 (63. g6 Rxd3+ 64. Ka4 Rg3 65. g7 Bxg7 66.
Bxg7 Rg4 $14) 63... Rg2 64. Rxh5 Kf7 65. Rh7+ Kg6 66. Ra7 Rh2 67. Ra8 Kf7 68.
Ra7+ Kg6 69. Ra1 Rg2 70. Ra8 Kf7 71. Ra7+ Kg6 72. Ra8 Kf7 73. Ra7+ Kg6 74. Be7
Bxe7 75. Rxe7 Ra2 $1 76. Rxe6+ Kxg5 77. Rxd6 Kf4 78. Rd5 Ra5 79. Kc2 Ra2+ 80.
Kc3 Ra3+ 81. Kc2 Ra5 82. Kb3 Ke3 83. Rxe5 Kxd3 84. Re8 Ra7 1/2-1/2

[Event "Lausanne YM 5th"]
[Site "Lausanne"]
[Date "2004.09.20"]
[Round "3.6"]
[White "Alekseev, Evgeny V"]
[Black "Navara, David"]
[Result "0-1"]
[WhiteElo "2606"]
[BlackElo "2616"]
[Annotator "Ribli,Z"]
[PlyCount "122"]
[EventDate "2004.09.15"]
[EventType "k.o."]
[EventRounds "3"]
[EventCountry "SUI"]
[SourceTitle "CBM 104"]
[Source "ChessBase"]
[SourceDate "2005.01.27"]
[SourceVersion "1"]
[SourceVersionDate "2005.01.27"]
[SourceQuality "1"]

1. c4 e5 2. Nc3 Nf6 3. Nf3 Nc6 4. d3 {Das ist eine genügsame Fortsetzung, die
Weiß keinen Eröffnungsvorteil bietet. Weiß hat viele Alternativen - 4.a3, 4.d4,
4.e3 und die populäre Fortsetzung 4.g3.} Bb4 {Das ist eine sichere und gute
Fortsetzung - im Folgenden tauscht Schwarz den c3-Springer und bekommt
gleiches Spiel.} 5. Bd2 O-O 6. e3 (6. g3 Re8 7. Bg2 Bxc3 8. Bxc3 d5 9. cxd5
Nxd5 $11) 6... Re8 (6... d6 7. Be2 Bf5 8. O-O h6 9. a3 Bxc3 10. Bxc3 e4 11. Ne1
Re8 12. b4 d5 {1/2-1/2 Bischoff,K-Farago,I/Deizisau 1998/EXT 2000 (24)}) 7. Be2
d6 (7... Bxc3 8. Bxc3 d5 (8... e4 9. dxe4 Nxe4 10. Rc1 b6 $11) 9. cxd5 Qxd5 10.
O-O Bg4 11. Qc2 Rad8 12. Rfd1 Bh5 13. b4 Qd6 14. b5 Nb4 15. Qb3 Nbd5 16. Bb2 {
1/2-1/2 Alekseev,E-Delgado,N/Open, Santo Domingo DOM 2003 (40)}) 8. O-O Bf5 {
Mit diesem natürlichen Entwicklungszug provoziert Schwarz den Zug 9.e4, wonach
das d4-Feld schlecht wäre.} 9. a3 (9. e4 Bg4 $11 {[%csl Yd4]}) 9... Bxc3 10.
Bxc3 e4 $11 {Schwarz hat eine bequeme, gleiche Stellung. Es ist wahr, dass
Weiß das Läuferpaar hat, aber im Folgenden kann Schwarz einen Läufer tauschen.}
(10... Qe7 11. b4 a6 12. Rc1 Rad8 13. Bb2 e4 14. dxe4 Bxe4 15. Qb3 Ne5 16. Nd2
Bc6 17. Qc3 b6 18. Rfe1 Bb7 {1/2-1/2 Cramling,D-Jepson,C/Stockholm 1993/EXT
2000 (42)}) 11. Nd4 (11. dxe4 Nxe4 12. Rc1 Nxc3 13. Rxc3 Qf6 $11) 11... Nxd4
12. Bxd4 (12. exd4 $6 {Dieser Zug wäre positionell schlecht - Weiß
verschliesst den aktiven dunkelfarbigen Läufer von selbst.} d5 $15) 12... exd3
(12... Qe7 13. Qd2 Rad8 14. Rad1 c5 15. Bc3 d5 16. d4 dxc4 17. Bxc4 Ng4 18. Be2
Qh4 19. h3 Ne5 20. dxe5 $1 Rxd2 21. Rxd2 $44 {1/2-1/2 Partenheimer,A-Gruen,P/
Germany 1997/EXT 98 (42)}) 13. Bxd3 Bxd3 14. Qxd3 Nd7 {[%cal Gd7c5,Gd7e5][%mdl
32] Ein guter stiller Zug - Schwarz öffnet die Diagonale d8-h4, so dass
Schwarz im Folgenden entweder Qh4, oder Qg5 spielen kann. Der d7N hat später
zwei Möglichkeiten - Nc5, oder Ne5.} (14... Ne4 15. f3 Ng5 $11 {[%cal Gg5e6]})
(14... Ng4 $11 {[%cal Gg4e5]}) 15. b3 Qg5 {Schwarz hat keine Drohungen, aber
seine Dame steht aktiv auf g5.} 16. Kh1 a5 17. Rae1 (17. b4 $11) 17... Nc5 18.
Qc2 (18. Bxc5 Qxc5 19. b4 axb4 20. axb4 Qxb4 21. Rb1 $11) 18... b6 19. e4 (19.
b4 axb4 20. axb4 Ne6 21. Bc3 Qg4 $11 (21... b5 22. f4 Qh5 23. Rf3 $36)) 19...
Qg6 20. f3 (20. Bxc5 $6 dxc5 $15 {[%csl Yd4][%cal Ga8d8,Gd8d4]}) 20... Re7 {
[%cal Ga8e8,Ge8e1] Schwarz möchte die Türme auf der e-Linie verdoppeln um
möglicherweise f7-f5 zu spielen.} 21. b4 axb4 22. axb4 Ne6 23. Be3 (23. Bc3 $11
) 23... Ree8 24. Ra1 (24. Qb2 Ra4 (24... f5 25. exf5 Qxf5 $15) 25. Ra1 Rea8 26.
Rxa4 Rxa4 27. Ra1 Rxa1+ 28. Qxa1 f5 $15) 24... Qf6 {[%csl Gf6][%cal Gf6a1,
Ga8a1] Die Dame steht ausgezeichnet auf f6 und kontrolliert viele wichtige
Felder am Damenflügel.} 25. Rad1 Ra3 $15 26. Rd3 (26. Bc1 Qc3 $15 (26... Ra7
$15 {[%cal Ge8a8,Ga8a1]})) 26... Rea8 {[%cal Ga8a1] Schwarz kontrolliert die
einzige offene Linie.} 27. h3 h5 28. Rb1 Ra2 29. Qd1 Ra1 {Droht 30...Rxb1 31.
Qxb1 Ra1 mit Damengewinn.} 30. Rdb3 R8a2 31. Qf1 (31. Rxa1 Rxa1 32. Rb1 Rxb1
33. Qxb1 Qc3 $17) 31... Rxb1 32. Rxb1 Qc3 $17 {[%csl Ga2,Rb4,Gc3,Rc4] Die
Eindringung der Dame auf c3 ist sehr stark - die weißen b4- und c4-Bauern sind
potentielle Schwächen.} 33. Bf2 Nf4 {[%mdl 2048] Alle schwarze Figuren sind
sehr aktiv, die schwarze Drohung ist 34...Qc2.} 34. c5 {Dieses Bauernopfer
hilft Weiß nicht weiter, aber guter Rat ist schon teuer.} dxc5 35. bxc5 bxc5
36. Kg1 c4 37. Kh2 {Die letzten weißen Züge zeigen, dass Weiß kein Gegenspiel
hat; er kann nur warten.} Qc2 38. Kg3 g5 {[%csl Rg3] Droht 39...h4+ mit
sofortigem Gewinn.} 39. h4 Ne2+ (39... Qd2 $1 {Jetzt droht 40...gxh4+.} 40.
hxg5 Ne6 $19) 40. Kh2 g4 41. Qe1 Kh7 42. Rb5 Nf4 (42... g3+ $1 $19) 43. Kg3
Ne2+ 44. Kh2 g3+ $19 45. Bxg3 Nf4 {[%csl Rg2,Rh2][%cal Ra2g2] Der
g2-Schlüsselbauer hängt und Weiß hat keine Verteidigung.} 46. Bf2 Qxf2 47. Qxf2
Rxf2 48. Kg3 Nd3 {Schwarz hat eine Figur mehr und sein c-Bauer gewinnt die
Partie sofort.} 49. Rxh5+ Kg6 50. Rg5+ Kf6 51. Rf5+ Ke6 52. Rd5 Rd2 (52...
Rxg2+ 53. Kxg2 Nf4+ 54. Kf2 Nxd5 55. exd5+ Kxd5 $19) 53. Rd4 c3 54. Rc4 c2 55.
Rxc7 {Statt dieser Fortsetzung könnte Weiß ruhig aufgeben...} c1=Q 56. Rxc1
Nxc1 57. f4 Ne2+ 58. Kg4 Nxf4 59. Kxf4 Rxg2 60. h5 Rh2 61. Kg3 Rxh5 0-1

[Event "FIDE-Wch k.o."]
[Site "New Delhi/Teheran"]
[Date "2000.12.02"]
[Round "2.4"]
[White "Onischuk, Alexander"]
[Black "Shirov, Alexei"]
[Result "1/2-1/2"]
[WhiteElo "2627"]
[BlackElo "2746"]
[Annotator "Ribli,Z"]
[PlyCount "108"]
[EventDate "2000.11.27"]
[EventType "k.o."]
[EventRounds "7"]
[EventCountry "IND"]
[SourceTitle "CBM 081"]
[Source "ChessBase"]
[SourceDate "2001.03.20"]
[SourceVersion "1"]
[SourceVersionDate "2001.03.20"]
[SourceQuality "1"]

1. c4 e5 2. Nc3 Nf6 3. Nf3 Nc6 4. e3 {Der ukrainische Großmeister spielt diese
Variante sehr gerne. Die Alternative 4.g3 wird hingegen häufiger gespielt.} Bb4
(4... Be7) 5. Qc2 Bxc3 {Schwarz schlägt den Springer von sich aus. Das sieht
auf den ersten Blick nach einem Tempoverlust aus, in Wirklichkeit aber muß die
Dame später von c3 wegziehen.} (5... O-O 6. Nd5 Re8 7. Qf5 d6 8. Nxf6+ Qxf6 9.
Qxf6 gxf6) 6. Qxc3 Qe7 7. a3 (7. Be2) 7... d5 8. d4 (8. cxd5 Nxd5 9. Qb3 (9.
Qc2 e4) 9... Nb6 10. d3 a5 $11) 8... exd4 9. Nxd4 Nxd4 10. Qxd4 O-O {Weiß hat
zwar das Läuferpaar, dafür ist Schwarz gut entwickelt, und seine Stellung
weist keine Schwächen auf.} (10... c5 11. Qh4 Be6 12. cxd5 Nxd5 (12... Bxd5)
13. Bb5+ Bd7 14. Qxe7+ (14. Bxd7+ $5 Qxd7 15. O-O) 14... Kxe7 15. Be2 Rhd8 16.
e4 Nc7 17. Be3 Ne6 18. Bc4 {1/2-1/2 Onischuk,A-Shirov,A/New Delhi IND 2000/The
Week in Chess 317 (18)}) 11. c5 {Das ist streng genommen ein Verteidigungszug,
denn Weiß nimmt seinem Gegner damit die Möglichkeit c7-c5.} (11. cxd5 Rd8 12.
Be2 Rxd5 13. Qh4 Bf5 14. O-O Rad8 15. f3 Bd3 16. Bxd3 Rxd3 17. e4 h6 18. Qf2 c5
19. Be3 b6 {1/2-1/2 Biehler,T-Arnold,L/Germany 1990/GER-chT2 (39)}) (11. b4 a5
12. c5 axb4 13. axb4 Rxa1 14. Qxa1 Qe4 15. Qb2 Re8 16. f3 Qg6 17. Kf2 Qf5 18.
Bb5 c6 19. Ba4 Ng4+ 20. Kg3 Nxe3 {1/2-1/2 Veinger,I-Birnboim,N/Jerusalem 1986/
MCL (59)}) (11. Be2 c5 12. Qh4 Be6 13. cxd5 Bxd5 14. f3 Qe6 15. O-O Rfd8 (15...
Bb3 16. e4 h6 17. Bd2 Rfd8 18. Bc3 Nd7 19. Qg3 f6 20. Rae1 Rac8 21. f4 Bc4 22.
Bg4 Qf7 23. Rf2 {1-0 Onischuk,A-Pena,E/Mamaia 1991/EXT 97 (42)}) 16. e4 Nd7 $5
{[/\17...Bc4]} 17. Be3 Bc4 18. Bxc4 Qxc4 19. Rad1 f6 $1 {[/\20...Ne5<=>]} 20.
Bf4 {1/2-1/2 Onischuk,A-Gurevich,M/Polanica Zdroj 1999/CBM 73/[Gurevich,M] (20)
}) 11... b6 $5 {Schwarz möchte die Stellung sprengen und - im Anschluß an 12.
b4 - die b-Linie öffnen.} (11... Ne4 12. b4 Qh4 13. Ra2 Qg5 14. f3 Nf6 15. Rf2
c6 16. Bd3 Re8 17. O-O Qe5 18. Qh4 Be6 19. Bb2 Qxe3 20. Rd1 h6 21. Bxf6 gxf6 {
0-1 Belozerov,A-Rublevsky,S/Smolensk 2000/CBM 77 (38)}) 12. b4 bxc5 13. bxc5 (
13. Qxc5 Qxc5 14. bxc5 Rb8 $15) 13... Qe6 {[%cal Gc8a6,Ga6f1] Schwarz bereitet
den Abtausch der weißfeldrigen Läufer mittels 14...Ba6 vor.} (13... Rb8 $11)
14. Bd3 Ba6 15. Bc2 (15. O-O Bxd3 16. Qxd3 Rab8 $15) 15... Qc6 $146 {[%cal
Rc6b5,Ra6e2] Das ist Shirovs (vorbereitete) Neuerung. Schwarz beläßt den
Springer auf f6 und droht entweder Qb5 oder den Pc5 anzugreifen.} (15... Ng4
16. f3 (16. Bb2 f6) 16... Ne5 17. Bb2 f6 (17... Rfe8 18. f4 $2 Nd3+ 19. Bxd3
Qxe3+ 20. Qxe3 Rxe3+ $17) 18. Kf2 Rab8 19. Bc3 Bc4 20. Rab1 Qa6 21. a4 c6 22.
Rhd1 Rxb1 23. Rxb1 Bd3 $1 {0-1 Belozerov,A-Kortschnoj,V/Smolensk 2000/CBM 77/
[Ribli] (76)}) 16. Bb2 (16. Ba4 Bb5) 16... Rab8 (16... Qb5 17. O-O-O Rab8 18.
g4 $36) 17. Bc3 Rfe8 (17... Qb5 18. O-O-O $13) 18. g4 $13 {Weiß hat das
Läuferpaar und starken Druck auf der Diagonale a1-h8. Da der weiße König
jedoch in der Mitte steht, bekommt auch Schwarz seine taktischen Chancen.} Rb5
(18... Qb5 19. O-O-O $13) 19. g5 (19. Ba4 $2 Re4 20. Bxb5 Bxb5 21. Qd2 d4 {
[%cal Gc6h1]} 22. Bb2 Rxe3+ 23. fxe3 Qxh1+ 24. Kf2 Ne4#) (19. Bb4 $13) 19...
Rxc5 {[%mdl 2048]} (19... Nh5 20. Bb4 $13 (20. Ba4 Re4 21. Bxb5 Bxb5 22. Qd2
Nf4 23. O-O-O Nd3+ 24. Kb1 Qxc5 $44)) 20. Ba4 $8 (20. gxf6 Rc4 $1 (20... Rxc3
$2 21. Ba4 Rc1+ 22. Kd2 Re4 23. Bxc6 Rxd4+ 24. exd4 Rxc6 $16) 21. Qd2 d4 $19)
20... Qb6 (20... Bb5 21. Bxb5 Rxb5 22. gxf6 Re4 23. Qd3 d4 24. Rg1 Qxc3+ (24...
dxc3 $5) 25. Qxc3 dxc3 26. Rxg7+ Kf8 27. Rd1 c2 (27... Rb8 28. Rd7 c2 29.
Rdxf7+ Ke8 30. Rxc7 $18) 28. Rd8+ Re8 29. Rg8+ Kxg8 30. Rxe8#) 21. Bxe8 Nxe8
$44 {Schwarz hat einen Bauern für die Qualität. Angesichts der unsicheren
weißen Königsstellung ist das ausreichende Kompensation.} 22. f3 {Weiß
bereitet Kf2 vor.} (22. Rc1 Qb5 23. Qd2 Nd6 $36 {[%cal Gd6c4,Gd6e4]}) 22... Qc6
(22... Qb5 23. Kf2) 23. Bd2 (23. Rc1 Rc4 24. Qd2 Nd6 $44) 23... Qb5 (23... Rc2
24. Rb1) 24. Kf2 Qe2+ $2 (24... Rc2 $1 $44 25. Kg3 $2 Nd6 {[%cal Rd6f5,Rf5d4,
Rf5g3]} 26. Qxa7 d4 $19 {[%csl Rg3][%cal Rb5g5,Rg5g3]}) 25. Kg3 Rc2 $2 26. Qe5
$2 (26. Qa4 $1 {[%cal Ra4e8,Ra4c2] Dieser Zug gewinnt sofort.} Nd6 27. Qxc2 Bd3
28. Qd1 $18) 26... Nd6 (26... Kf8 $5 {[%csl Rd2]} 27. Rad1 (27. Bb4+ c5 28.
Bxc5+ Rxc5 $17) 27... Rxd2 28. Rxd2 Qxd2 29. Rb1 Nd6 30. Rb8+ Bc8 31. Rxc8+
Nxc8 32. Qxc7 $132) 27. Rab1 Bb5 (27... Bc8 28. Rb8 Kf8 29. Rxc8+ Nxc8 30. Bb4+
c5 31. Qxd5 Qf2+ (31... Qxe3 32. Qd8+ Qe8 33. Qc7 Kg8 34. Re1 Qf8 35. Rd1 Nd6
36. Qxd6 cxb4 $11) 32. Kh3 Qg2+ 33. Kh4 Qf2+ $11) 28. Rxb5 Qxb5 29. Bc3 d4 $1 (
29... Ne8 $2 30. Rb1 Qd7 31. Rb8 Kf8 32. Qxg7+ Ke7 33. Bf6+ Ke6 34. Qh6 Qd6+
35. f4 $18) (29... Rxc3 30. Qxc3 d4 31. exd4 (31. Qxd4 Nf5+ $19 {[%cal Rf5d4,
Rf5g3]}) 31... Qxg5+ 32. Kf2 Qh4+ 33. Ke2 Nb5 $44) 30. Bxd4 Nf5+ 31. Kf4 Nxd4
32. exd4 Qxe5+ (32... Qe2 $11) 33. Kxe5 {[%mdl 4096] Nach großen
Komplikationen haben wir ein Turmendspiel mit ausgeglichenem Material erreicht.
} Kf8 $11 34. Rb1 Ke7 (34... Rxh2 35. Rb7 Re2+ 36. Kd5 Re3 $11) 35. Rb7 Kd7 36.
Rxa7 Rxh2 37. Ra8 (37. a4 $11) 37... h6 38. Rg8 (38. gxh6 Rh5+ $11 (38... gxh6
$11)) 38... hxg5 39. Rxg7 Ke7 {[%csl Rg7] Droht 40...Rf8 41.Kf6 Rh6+.} 40. Rg8
Re2+ 41. Kd5 (41. Kf5 $11) 41... Re3 42. a4 {[%csl Ga4]} Rxf3 (42... Ra3 43.
Rxg5 $11) 43. Kc6 (43. Rxg5 Ra3 $15) 43... Rc3+ 44. Kb5 Rb3+ 45. Kc4 (45. Kc6
$11) 45... Ra3 46. Kb4 Rd3 47. a5 (47. Kc4 Ra3 $11) 47... Rxd4+ 48. Kc5 Ra4 49.
Kb5 Ra1 50. a6 {Der weiße Freibauer auf der a-Linie ist gefährlich. Schwarz
hat zwei Mehrbauern, aber das hat keine Bedeutung.} Kf6 51. Rd8 Rb1+ 52. Kc5 (
52. Kc6 Rb6+ $19 {[%cal Rb6c6,Rb6a6]}) 52... Ra1 53. Kb5 Rb1+ 54. Kc5 Ke5 (
54... Ke5 55. a7 Ra1 56. a8=Q Rxa8 57. Rxa8 g4 $11) (54... Rc1+ $11) 1/2-1/2